00657nam a22001457a 4500001000500000005001700005040002900022082001000051100001400061245006700075260001700142300002200159520031300181521001700494168820260120143900.0 aFISKHbengcFISKHdFISKH a398.2 aAnonymous aសត្វចចកនិងខ្មោចដំរី​/  aPhnom Penh : a10 pages :c16 cm aA traditional folk tale set to a children's story in the three parallel languages of Khmer, English, and Chinese. Extremely poor translation and graphic themes makes this book inappropriate for children. Profanity is openly used many times to refer to an elephant's backside or bottom and actions of a wolf.  aStaff Only.